| 000 | 00329nam a2200121 4500 | ||
|---|---|---|---|
| 008 | 240219b |||||||| |||| 00| 0 eng d | ||
| 022 | _a19972997 | ||
| 245 | _aEthics in action-Vol. 5, no. 3 (June 2011) | ||
| 260 |
_aHong Kong : _bAsian human rights commission, _c2011 |
||
| 300 | _b48 p. | ||
| 650 | _aIslam -- Ethics | ||
| 942 | _cCR | ||
| 999 |
_c4775 _d4775 |
||